Russia Fact File - Statistics

General Stats
  • This quiz has been taken 10 times
  • The average score is 47 of 59
Answer Stats
Answer % Correct
Continent Asia
100%
Flag Colour Blue
100%
Bordering Country Estonia
100%
Continent Europe
100%
Bordering Country Georgia
100%
Second Communist Leader Joseph Stalin
100%
Bordering Country Latvia
100%
Bordering Country Lithuania
100%
Capital City Moscow
100%
Last Emperor Nicholas II
100%
Invaders in 1605 Polish-Lithuanian Commonwealth
100%
Flag Colour Red
100%
Central Square Red Square
100%
Second Largest City Saint Petersburg
100%
Bordering Country Ukraine
100%
First Communist Leader Vladimir Lenin
100%
Current President Vladimir Putin
100%
Flag Colour White
100%
Number of Time Zones 11
89%
FIFA World Cup Year 2018
89%
State Sold to USA in 1867 Alaska
89%
Bordering Country Belarus
89%
Bordering Country China
89%
Bordering Country Finland
89%
Bordering Country Kazakhstan
89%
Bordering Country North Korea
89%
Official Name Russian Federation
89%
First Satellite in Space Sputnik
89%
Longest River (Europe) Volga
89%
First Man in Space Yuri Gagarin
89%
Sochi Olympics Year 2014
78%
Bordering Country Azerbaijan
78%
Pinensula Annexed in 2014 Crimea
78%
(Unsuccessful) Invaders in 1812 French Empire
78%
First Tsar Ivan the Terrible
78%
Presidential Residence Moscow Kremlin
78%
(Unsuccessful) Invaders in 1941 Nazi Germany
78%
Third Largest City Novosibirsk
78%
Bordering Country Poland
78%
Year of October Revolution 1917
67%
Moscow Olympics Year 1980
67%
Largest Lake Lake Baikal
67%
Author of 'War & Peace' and 'Anna Karenina' Lev Tolstoy
67%
Invaders in 1237 Mongol Empire
67%
Bordering Country Mongolia
67%
First Emperor Peter the Great
67%
Creator of the Periodic Table of the Elements Dmitry Mendeleev
56%
Highest Mountain Mount Elbrus
56%
Fifth Largest City Nizhny Novgorod
56%
Bordering Country Norway
56%
Mountains Dividing European and Asian Russia Ural Mountains
56%
Fourth Largest City Yekaterinburg
56%
Number of Administrative Divisions 85
44%
Author of 'Crime & Punishment' and 'The Brothers Karamazov' Fyodor Dostoevsky
44%
European Excalve Kaliningrad Oblast
44%
Longest River (Asia) Lena
44%
Composer of 'The Nutcracker' and 'Swan Lake' Petr Tchaikovsky
44%
Founder of First Dynasty Rurik
44%
Famous Cathedral on this Square Saint Basil's Cathedral
44%
No matching quizzes found
Score Distribution
Percent of People with Each Score
Percentile by Number Answered
Your Score History
You have not taken this quiz